MANAGEMENT CONCEPTS & PRACTICES (Record no. 8901)
[ view plain ]
| 000 -LEADER | |
|---|---|
| fixed length control field | 00550nam a22001577a 4500 |
| 003 - CONTROL NUMBER IDENTIFIER | |
| control field | SGT |
| 020 ## - INTERNATIONAL STANDARD BOOK NUMBER | |
| International Standard Book Number | 0333930819 |
| 082 ## - DEWEY DECIMAL CLASSIFICATION NUMBER | |
| Classification number | 658,HAN |
| 100 ## - MAIN ENTRY--PERSONAL NAME | |
| Personal name | HANNAGAN TIM |
| 245 ## - TITLE STATEMENT | |
| Title | MANAGEMENT CONCEPTS & PRACTICES |
| 260 ## - PUBLICATION, DISTRIBUTION, ETC. (IMPRINT) | |
| Place of publication, distribution, etc | NEW DELHI |
| Name of publisher, distributor, etc | IBH |
| Year of Publication | 1995 |
| 300 ## - PAGE DESCRIPTION | |
| No. of Pages | 656 |
| 650 ## - SUBJECT ADDED ENTRY--TOPICAL TERM | |
| Topical term or geographic name as entry element | MANAGEMENT |
| 653 ## - KEYWORDS--INDEX TERM | |
| Keyword term | THE CHALLENGE OF MANAGEMENT, LEADERSHIP, FOCUS ON THE CUSTOMER, MARKETING,STRATEGIC MANAGEMENT, TOTAL QUALITY MANAGEMENT, MANAGEMENT CONTROL, HUMAN RESOURCE MANAGEMENT, FINANCIAL MANAGEMENT, MULTINATIONAL MANAGEMENT |
| 942 ## - ADDED ENTRY ELEMENTS (KOHA) | |
| Source of classification or shelving scheme | Dewey Decimal Classification |
| Koha item type | FCM Books |
| 942 ## - ADDED ENTRY ELEMENTS (KOHA) | |
| -- | 4 |
| Withdrawn status | Lost status | Source of classification or shelving scheme | Damaged status | Not for loan | Home library | Current library | Shelving location | Date acquired | Vendor Name | Cost, normal purchase price | SGTU | Bill Number | Total Checkouts | Full call number | Accession No. (Barcode) | Date last seen | Date last borrowed | Bill Date | Koha item type |
|---|---|---|---|---|---|---|---|---|---|---|---|---|---|---|---|---|---|---|---|
| Dewey Decimal Classification | SGT Science & Social Sciences Library | SGT Science & Social Sciences Library | Text Book | 02/06/2016 | IBH | 345.00 | SGTU | 9690 | 9 | 658,HAN | CM71 | 31/12/2024 | 16/12/2024 | 31/08/2013 | FCM Books |